Are men and women contacted differently by electoral campaigns? A cross-national examination of gender gaps (Record no. 530750)

000 -LEADER
fixed length control field 01580nam a22001457a 4500
008 - FIXED-LENGTH DATA ELEMENTS--GENERAL INFORMATION
fixed length control field 250714b ||||| |||| 00| 0 eng d
100 ## - MAIN ENTRY--PERSONAL NAME
Personal name Beauregard, Katrine
245 ## - TITLE STATEMENT
Title Are men and women contacted differently by electoral campaigns? A cross-national examination of gender gaps
260 ## - PUBLICATION, DISTRIBUTION, ETC. (IMPRINT)
Place of publication, distribution, etc International Political Science Review
300 ## - PHYSICAL DESCRIPTION
Extent 46(2), Mar, 2025: p.219-234
520 ## - SUMMARY, ETC.
Summary, etc Although a large literature investigates cross-national differences in party mobilization, little is known about cross-national gender differences in electoral campaign contacts. Using the Comparative Study of Electoral System Module 4, which includes data from 2011 to 2016 and 32 countries, I find gendered patterns in reported contacts across different activities performed by campaigns. I test two potential explanation for these variations: electoral systems and women’s political participation. First, I find that women’s likelihood of reported contacts increases to a greater extent than men’s when electoral systems provide incentives for campaigns to increase their contact rates, decreasing and even reversing gender gaps. Second, I find limited support regarding the impact of the percentage of women in legislatures on gender differences in reported electoral campaign contacts.- Reproduced

https://journals.sagepub.com/doi/full/10.1177/01925121241248450
650 ## - SUBJECT ADDED ENTRY--TOPICAL TERM
Topical term or geographic name as entry element Electoral campaign contacts, Party mobilization, Electoral systems, Gender gaps, Women’s representation.
9 (RLIN) 55046
773 ## - HOST ITEM ENTRY
Main entry heading International Political Science Review
942 ## - ADDED ENTRY ELEMENTS (KOHA)
Item type Articles
Holdings
Withdrawn status Lost status Source of classification or shelving scheme Damaged status Not for loan Permanent location Current location Date acquired Serial Enumeration / chronology Barcode Date last seen Koha item type
          Indian Institute of Public Administration Indian Institute of Public Administration 2025-07-14 46(2), Mar, 2025: p.219-234 AR136529 2025-07-14 Articles

Powered by Koha